000 00538nam a22002057i 4500
001 394
003 OSt
005 20170126082242.0
007 tu
008 161220s1986 xxu||||| |||| 00| 0 d
024 7 _a393
_2RID
040 _cOSt
084 _a23.3
_a11.45
_2z
242 0 0 _aRat der gegenseitigen Wirtschaftshilfe.Atlas
245 0 0 _aSovet ekonomiceskoj vzaimopomosci Atlas
260 _aMoskva,
_c1986.
300 _a80 S. ;
_c30cm.
651 _aEastern Europe
110 2 _aGlavnoje upravlenije geodezii i kartografii pri Sov. min.
_eEd.
942 _cB
999 _c389
_d389